000 00510 a2200193 4500
005 20240521145023.0
010 _aB-759143
020 _a9789354716386
_c350.00
035 _aB-759143
037 _bGift
082 _aN
100 _aStine, R.L
_966646
245 _aGoosebumps Slappyworld Friiight Night/
_cR.L Stine
260 _aNew York
_bScholastic Inc.
_c2023
270 _aNew York
_bNew York
300 _a152 p.
_c20 cm(Hb)
942 _adpl
_cCH
_2ddc
_hS
_mSTI
999 _c203108
_d203108